00736nam a2200241 a 4500001001300000003000900013005001700022008004100039020002400080082001500104100001600119245004500135260002800180300000900208500003500217505003400252650002700286700001600313902000800329942000700337952013300344999001700477nice12345678IN_TiNIC20260116014802.0100107s2009 jaia grp 000 0 eng  a9788183762205c122500a305.4bRAT aRathod, P B aWomen and Human Rightsb Modern Scenario aJaipur bABD Pub c2009 a400p aincludes index and biblioraphy2 aselected biobliography, index aWomen and Human Rights1 aRathod, P B bSRS cBK 001040708StackRoom-aHMIbHMId2010-01-08g1225.00l4m2o305.4 RATp023033r2022-06-23s2022-06-15v1225.00w2010-01-07yBK c16951d16951